Eco-management accounting

Saved in:
Bibliographic Details
Other Authors: Bartolomeo, Matteo
Format: Book
Language:English
Published: Dordrecht : Kluwer Academic Publishers, c1999
Series:Eco-efficiency in industry and science ; ; 3
Subjects:
Tags: Add Tag
No Tags, Be the first to tag this record!

MARC

LEADER 00000nam a2200000 i 4500
001 1/18035
008 010307s1999 eng d
020 |a 0-7923-5562-8 
035 |l 10066351 
040 |a GR-MY-UA  |b gre  |e aacr 
041 0 |a eng 
082 0 |a 658.408 
245 1 0 |a Eco-management accounting /  |c by Matteo Bartolomeo ... [et al.] 
260 |a Dordrecht :   |b Kluwer Academic Publishers,   |c c1999 
300 |a 279 p. 
490 1 |a Eco-efficiency in industry and science  |v ; 3 
500 |a Based upon the ECOMAC research project sponsored by the EU's Environment and Climate Programme (DG XII, Human Dimension of Environmental Change) 
650 0 0 |a Environmental management. 
650 0 0 |a Environmental auditing. 
700 1 |a Bartolomeo, Matteo. 
830 0 |a Eco-efficiency in industry and science ;  |v ; 3 
852 |a INST  |b LESVOS  |e 20010307  |h 658.408 ECO  |p 005100029002  |q 005100029002  |t BK  |y 0 
901 |a BIBL1-2001-1 
909 |a Λ  |b 086757 
922 |a 1ΕΛΗ  |b 200102  |c ΤΑΚ/ΤΠ  |d ΜΙΧΑΛΟΠΟΥΛΟΣ 
950 |a 107-2000-12-05 
970 |a ΤΖΑΦΕΡΗ  |b ΕΥΑΓΓΕΛΙΑ  |z 2001/04/03